• 首页
  • 本馆介绍
  • 公告通知
  • 最新文献
  • 馆藏检索
  • 电子资源
  • 读者导购
  • 参考咨询
  • 我的图书馆
  • 登录
  • 详细信息显示
  • 放入我的书架
  • 预约/预借图书
  • 作者相关作品
  • 分类相关作品
  • 丛书相关作品
  • 出版社相关作品

书目信息

  • 表格格式
  • 工作单格式
  • 卡片格式
书名: 现代化万能机床自动作业线的重新调整
作者: 雅科夫列夫.
分册号:
分册名:
出版地: 莫斯科 :
 
出版社: 国家科技机械制造出版社
出版时间:
页数: 227 p. ;
开本: 20cm.
丛书名:
中图分类号:
科图分类号:
其他分类号: TG502
主题词:
电子资源:
000 00428nam 2200169 a 4500
001 E0732608525
005 20070730090721.01
008 070730s 00010 eng
040    @aPFT@bchi
041    @achi@hrus
090    @aTG502
099    @dTG502@ex8
245 1  @a现代化万能机床自动作业线的重新调整 / @c雅科夫列夫.
260    @a莫斯科 :@b国家科技机械制造出版社.
300    @a227 p. ;@c20cm.
650    @a机械
650    @a自动化机床
    
    现代化万能机床自动作业线的重新调整 / / 雅科夫列夫.-莫斯科 : : 国家科技机械制造出版社.
    227 p. ; ; 20cm.
    
    
    ISBN
    
●
相关链接 在E读中查询图书 在五车中查询图书 在当当中查询图书 在豆瓣中查询图书


正题名:现代化万能机床自动作业线的重新调整     索取号:TG502/x8         预约/预借

序号 登录号 条形码 馆藏地/架位号 状态 备注
1 0014757   300147570   第二样本阅览室/ [索取号:TG502/x8] 在馆    
2 0014773   300147730   第四借阅区/ [索取号:TG502/x8] 在馆    
唐山师范学院图书馆 欢迎您!
大连网信软件有限公司© 版权所有